| 000 | 01096nam a22003371 4500 | ||
|---|---|---|---|
| 001 | 01107648 | ||
| 003 | DO-SdBNP | ||
| 005 | 20240614111434.0 | ||
| 007 | 01107648 | ||
| 008 | 920725s2009 pr spa | ||
| 017 |
_a _b |
||
| 020 | _a9780847715909 | ||
| 035 | _a | ||
| 040 |
_aBPMSU _bspa _cBPMSU |
||
| 082 | 4 |
_aPR863.44 _bF363r 2009 _222 |
|
| 100 | 1 |
_aFernández Juncos, Manuel _d1846-1928 |
|
| 245 | 1 | 3 |
_a Los tres reyes magos llegan de noche.../ _cManuel Fernández Juncos; música Braulio Dueño Colón ; ilustraciones de Marjorie Ann Vélez _b _h |
| 260 |
_aColombia : _bUniversidad de Puerto Rico, _c2007 |
||
| 300 |
_a22 p. : _bil,. ; _c21 cm |
||
| 490 | 0 | _aSerie Dos Lenguas | |
| 500 | _a | ||
| 590 | _aInventariado, 2025/VM | ||
| 650 | 4 |
_aCuentos infantiles puertorriqueños _v _2 |
|
| 650 | 4 | _aLibros ilustrados infantiles | |
| 700 | 1 |
_aAnn Vélez, Marjorie _d1975- _eilustración |
|
| 700 | 1 |
_aDueño Colón, Braulio _d1854-? _emúsica |
|
| 710 | 2 | _aUniversidad de Puerto Rico | |
| 900 | _6 | ||
| 910 | _aVMateo V. Control de calidad. BPMSU | ||
| 942 |
_2ddc _cBK |
||
| 999 |
_c14670 _d14670 |
||